LEADER 01718nam a2200373 a 4500 001 000000124671 003 CaOOAMICUS 005 20110310125123.0 008 110310t2011 it u000 u ita r 020 $a978-88-6132-627-9 040 $aPUL$bita 082 $a345.45 110 1 $aItalia.$0(OLS)http://pul/name/1188 240 10$aCodice di procedura penale.$0(OLS)http://pul/title/135958 245 10$aCodice di procedura penale e processo penale minorile :$bcommentati con la giurisprudenza /$ca cura di Piermaria Corso. 250 $a29. ed. 260 $aPiacenza :$bLa Tribuna,$c©2011. 300 $a2349 p. ;$c21 cm. 490 1 $aI codici commentati con la giurisprudenza 500 $aTesto su due colonne. 500 $aAggiornato con tutte le ultime novità normative e giurisprudenziali. 650 4$aProcedura penale$zItalia.$0(OLS)http://pul/subject/12686 650 4$aDiritto minorile.$0(OLS)http://pul/subject/17921 650 4$aProcesso penale.$0(OLS)http://pul/subject/24333 700 1 $aCorso, Piermaria.$0(OLS)http://pul/name/35334 830 2$aI codici commentati con la giurisprudenza.$0(OLS)http://pul/title/135813 850 $aPUL 852 $aPUL$W1$xDP2 Diritto e Scienze Sociali 3$y110$m348. 45 BCOLL 2.73$j143553$qDDC 21$B142582$CPULBib$Z2$F142582 $H116327 $82 941 1 $a9 996 $6020$a978-88-6132-627-9$9(OLS)http://pul/number/146656 996 $6082$a345.45$9(OLS)http://pul/classification/371 996 $6245$aCodice di procedura penale e processo penale minorile :$bcommentati con la giurisprudenza$9(OLS)http://pul/title/152267 996 $6260$aPiacenza :$bLa Tribuna$9(OLS)http://pul/publisher/69734 LEADER 01295nam a2200289 u 4500 001 000000063443 003 CaOOAMICUS 005 20070226121239.0 008 011026s1974 fr b u000 u fre u 020 $a2708004115 035 $a10907905 040 $aPUL(R)$bita 100 1 $aRapp, Francis,$d1926-$0(OLS)http://pul/name/43035 245 13$aLa république de Mulhouse pendant la Guerre de Trente ans /$cRaymond Oberle. 260 $aParis :$bOphrys,$c1974. 300 $a554 p. :$bc. geogr., ;$c25 cm 490 1 $aAssociation des publications près le Universités de Strasbourg. Collection de l'Institut des hautes études Alsaciennes ;$v23 504 $aBibliografia in nota. 610 14$aStrasburgo (diocesi).$0(OLS)http://pul/subject/38083 830 0$aCollection de l'Institut des hautes études alsaciennes ;$v20.$0(OLS)http://pul/title/84592 850 $aPUL 852 $aPUL$W1$xSL Religione 1$y3$m75 A 30$j82341$nBK-PRI$b $qStampati$B82341$CPULBib$Z2$F82341 $H $81 941 1 $a8 961 $aINV: 42715 996 $6020$a2708004115$9(OLS)http://pul/number/82320 996 $6245$aLa république de Mulhouse pendant la Guerre de Trente ans$9(OLS)http://pul/title/84591 996 $6260$aParis :$bOphrys$9(OLS)http://pul/publisher/70621